000 00336nam a22001457a 4500
999 _c55047
_d55047
008 200205b ||||| |||| 00| 0 eng d
020 _a9780802067722
041 _aeng
080 _2320
_a320
082 _a320
100 _a20
101 _aSHP
245 _aCulture-Communication & National Identity
_cCollins,R
942 _2udc
_cBK